000 01667nam1a22002651i 4500
001 rc\3421847
005 20260407030021.0
021 _aRU
_b[73-97092]
021 _aRU
_b[73-97062]
035 _a(NLR Aleph) 007582133
090 _a5519790
_c5519790
100 _a20130115d1973 |||y0rusy50 ca
101 0 _arus
102 _aRU
105 _a z |||||
200 1 _aДоклады
_eЧ. 1-2
_fГос. ком. Совета Министров ГССР по науке и технике. М-во высш. и сред. спец. образования ГССР. Науч.-произв. объединение ЭЛВА М-ва приборостроения, средств автоматизации и систем управления СССР. Респ. науч.-техн. конф. молодых специалистов и аспирантов по вычислит. технике. 13-15 ноября 1973 г.
210 _aТбилиси
_cБ. и.
_d1973
215 _a2 т.
_d20
606 _aВычислительная техника
_jСборники
_2psbo
710 1 2 _aГрузинская респ. науч.-техн. конференция специалистов и аспирантов по вычислительной технике (1973; Тбилиси)
712 0 2 _aНаучно-производственное об-ние электронной вычислительной аппаратуры
_cТбилиси
_bКонф. молодых науч. работников и аспирантов
_d4
_f1973
_3RU\NLR\AUTH\8810011853
_9521438
801 0 _aRU
_bNLR
_gpsbo
801 1 _aRU
_bELAR
_2rusmarc
852 _aNLR
_j73-3/9273
942 _cBOOK